Movies Quiz

Random Movies or Actress Quiz

Major Acting Awards: 2018 Quiz Stats

 Plays Quiz Updated Aug 31, 2019

Score 0/116 Timer 10:00
0 Plays Today
% Correct
Lady Gaga
94.5%
Lady Gaga
94.5%
Lady Gaga
94.5%
Lady Gaga
94.5%
Lady Gaga
94.5%
Bradley Cooper
91.8%
Bradley Cooper
91.8%
Bradley Cooper
91.8%
Bradley Cooper
91.8%
Bradley Cooper
91.8%
Rami Malek
87.4%
Rami Malek
87.4%
Rami Malek
87.4%
Rami Malek
87.4%
Rami Malek
87.4%
Christian Bale
77.8%
Christian Bale
77.8%
Christian Bale
77.8%
Christian Bale
77.8%
Christian Bale
77.8%
Emily Blunt
73.4%
Emily Blunt
73.4%
Emily Blunt
73.4%
Emily Blunt
73.4%
Emma Stone
72.7%
Emma Stone
72.7%
Emma Stone
72.7%
Emma Stone
72.7%
Emma Stone
72.7%
Viggo Mortensen
71.5%
Viggo Mortensen
71.5%
Viggo Mortensen
71.5%
Viggo Mortensen
71.5%
Viggo Mortensen
71.5%
Mahershala Ali
70.9%
Mahershala Ali
70.9%
Mahershala Ali
70.9%
Mahershala Ali
70.9%
Mahershala Ali
70.9%
% Correct
Olivia Colman
62.7%
Olivia Colman
62.7%
Olivia Colman
62.7%
Olivia Colman
62.7%
Olivia Colman
62.7%
Adam Driver
60.6%
Adam Driver
60.6%
Adam Driver
60.6%
Adam Driver
60.6%
Adam Driver
60.6%
Ryan Gosling
58.5%
Amy Adams
57%
Amy Adams
57%
Amy Adams
57%
Amy Adams
57%
Amy Adams
57%
Glenn Close
56.4%
Glenn Close
56.4%
Glenn Close
56.4%
Glenn Close
56.4%
Glenn Close
56.4%
Rachel Weisz
56.3%
Rachel Weisz
56.3%
Rachel Weisz
56.3%
Rachel Weisz
56.3%
Rachel Weisz
56.3%
Melissa McCarthy
56%
Melissa McCarthy
56%
Melissa McCarthy
56%
Melissa McCarthy
56%
Melissa McCarthy
56%
Sam Rockwell
47.5%
Sam Rockwell
47.5%
Sam Rockwell
47.5%
John David Washington
46.9%
John David Washington
46.9%
Margot Robbie
46.8%
Margot Robbie
46.8%
Lin-Manuel Miranda
44.7%
% Correct
Viola Davis
43.3%
Sam Elliott
43.1%
Sam Elliott
43.1%
Sam Elliott
43.1%
Regina King
42.6%
Regina King
42.6%
Regina King
42.6%
Michael B. Jordan
41.9%
John C. Reilly
40.4%
Timothée Chalamet
40.1%
Timothée Chalamet
40.1%
Timothée Chalamet
40.1%
Timothée Chalamet
40.1%
Charlize Theron
38.4%
Willem Dafoe
38.2%
Willem Dafoe
38.2%
Willem Dafoe
38.2%
Richard E. Grant
36.7%
Richard E. Grant
36.7%
Richard E. Grant
36.7%
Richard E. Grant
36.7%
Richard E. Grant
36.7%
Nicole Kidman
36.5%
Nicole Kidman
36.5%
Robert Redford
35.4%
Steve Coogan
33.9%
Constance Wu
33.3%
Toni Collette
33.2%
Claire Foy
33%
Claire Foy
33%
Claire Foy
33%
Ethan Hawke
32.6%
Lucas Hedges
27.3%
Yalitza Aparicio
23.4%
Yalitza Aparicio
23.4%
Rosamund Pike
22%
Elsie Fisher
19.7%
Marina de Tavira
18.5%

You're not logged in!

Compare scores with friends on all Sporcle quizzes.
OR
Log In

Sporcle TV

Today on Sporcle TV


Watch our educational content, quiz creation guides, and fun videos on Sporcle TV.

Show Comments

Extras

Top Quizzes Today


Score Distribution

Your Account Isn't Verified!

In order to create a playlist on Sporcle, you need to verify the email address you used during registration. Go to your Sporcle Settings to finish the process.

Report this User

Report this user for behavior that violates our Community Guidelines.

Details: